|
|
|
|
| LEADER |
00000cam a2200000 a 4500 |
| 001 |
59814 |
| 003 |
Ucuenca |
| 005 |
20231129062857.0 |
| 008 |
979070|1975 ||||||||r|||||||||||spa|| |
| 040 |
|
|
|b spa
|a UCuenca-cdrjbv
|c UCuenca
|e rda
|
| 041 |
1 |
|
|a spa
|
| 082 |
0 |
|
|a 160
|
| 100 |
1 |
|
|a Larroyo, Francisco
|9 258208
|
| 245 |
|
|
|a Lógica y metodología de las ciencias: exposición programada
|c Francisco Larroyo, colab. de Alfonso Juárez
|
| 250 |
|
|
|a 2a ed.,
|
| 264 |
|
|
|a México
|b Porrúa
|c 1975
|
| 300 |
|
|
|a 351 páginas:
|c 23 cm
|
| 336 |
|
|
|2 rdacontent
|a texto
|b txt
|
| 337 |
|
|
|2 rdamedia
|a no mediado
|b n
|
| 338 |
|
|
|2 rdacarrier
|a volumen
|b nc
|
| 504 |
|
|
|a incl. ref.
|
| 650 |
|
4 |
|a Lógica
|9 241
|2 UCuenca-cdrjbv
|
| 650 |
|
0 |
|a Metodología
|9 7393
|2 UCuenca-cdrjbv
|
| 650 |
|
7 |
|a Ciencia
|9 296
|
| 852 |
|
|
|a UC-CDJBV
|f Compra
|l 1
|m General
|p 19790703
|q 85,00
|r 2
|t 59814
|b 0
|d CDRC
|e CDRC
|g 160 ESTANTERIA CERRADA
|z 1979-90-70
|
| 942 |
|
|
|c BK
|2 ddc
|
| 999 |
|
|
|c 15357
|d 15357
|